000 00443nam a2200157 a 4500
001 000032865
005 20230331073627.0
008 091005s1953 dr 000 p spa d
040 _aDO-SdBNP
_bspa
_cBNPHU
082 _axxx
_bH558c
100 _aHernández Rueda, Lupo,
_d1930-2017
_923790
245 1 0 _aComo naciendo aún /
_cLupo Hernández Rueda.
260 _aSanto Domingo :
_bStella,
_c1953.
300 _a33 p. ;
_c30 cm.
049 _aBNPD
999 _c32356
_d32356